[Event "DSOL 2021"]
[Site "Germany"]
[Date "2021.03.16"]
[Round "6.4"]
[White "Spelleken, Mark"]
[Black "Nurovic, Semir"]
[Result "1/2-1/2"]
[WhiteElo "1620"]
[BlackElo "1620"]
[Annotator "NA RC"]
[PlyCount "132"]
[EventDate "2021.01.18"]
[EventType "team-tourn"]
[EventCountry "GER"]
[SourceTitle "playchess.com"]
[Source "ChessBase"]
[SourceQuality "1"]

1. d4 d5 2. c4 Nf6 3. Nc3 e6 4. Bg5 c6 5. e4 dxe4 6. Nxe4 Be7 7. Ng3 h5 8. h3 h4 9. N3e2 Na6 10. a3 Qa5+ 11. Bd2 Qf5 12. Nf3 b6 13. Nf4 Bb7 14. Bd3 Ne4 15. Qc2 c5 16. d5 exd5 17. cxd5 Bd6 18. Bxe4 Qf6 19. Qa4+ Kd8 20. Nd3 Qe7 21. O-O Nc7 22. Rae1 f6 23. Bg6 Qd7 24. Qxd7+ Kxd7 25. Bf5+ Kd8 26. Bf4 Ne8 27. Re3 c4 28. Nd4 cxd3 29. Ne6+ Ke7 30. Nc7+ Kf7 31. Bxd6 Nxd6 32. Be6+ Kg6 33. Nxa8 Rxa8 34. Rxd3 Ba6 35. Rfd1 Bxd3 36. Rxd3 Rd8 37. g3 f5 38. gxh4 Ne4 39. f3 Nc5 40. Re3 Kf6 41. Kg2 Rd6 42. Bg8 Rd8 43. Be6 Re8 44. Kg3 Rh8 45. b4 Nb7 46. f4 Nd6 47. Re5 g6 48. Bd7 Ne4+ 49. Kg2 Rxh4 50. Re6+ Kg7 51. Re7+ Kf8 52. Re8+ Kf7 53. Ra8 Rxf4 54. Rxa7 Rf2+ 55. Kg1 Kf6 56. Ra6 Ke5 57. Rxb6 Rf3 58. Rxg6 Rxh3 59. a4 Rb3 60. b5 Nc5 61. Bc6 Nxa4 62. d6 Rd3 63. d7 Nb6 64. Rg7 Kf6 65. Rh7 Kg6 66. Re7 Kf6 1/2-1/2

[Event "DSOL 2021"]
[Site "Germany"]
[Date "2021.03.17"]
[Round "6.4"]
[White "Henn, Marcus"]
[Black "Ohler, Julius"]
[Result "0-1"]
[WhiteElo "1618"]
[BlackElo "2010"]
[Annotator "TA"]
[PlyCount "48"]
[EventDate "2021.01.18"]
[EventType "team-tourn"]
[EventCountry "GER"]
[SourceTitle "playchess.com"]
[Source "ChessBase"]
[SourceQuality "1"]

1. Nf3 d5 2. d4 Nf6 3. c4 e6 4. g3 Be7 5. Bg2 O-O 6. O-O c6 7. Nc3 Nbd7 8. Qd3 b6 9. e4 dxe4 10. Nxe4 Bb7 11. Bf4 c5 12. Nd6 Bc6 13. Rad1 cxd4 14. Qxd4 Ne8 15. Nxe8 Rxe8 16. Ne5 Nxe5 17. Bxe5 Qc8 18. Qg4 Bf8 19. h4 Bxg2 20. Kxg2 Qc6+ 21. Kg1 Rac8 22. Rd4 f6 23. Bxf6 e5 24. Bxg7 exd4 0-1

[Event "DSOL 2021"]
[Site "Germany"]
[Date "2021.03.15"]
[Round "6.4"]
[White "Jennes, Philipp"]
[Black "Weischenberg, Juergen"]
[Result "1/2-1/2"]
[WhiteElo "1591"]
[BlackElo "1475"]
[Annotator "NA RC"]
[PlyCount "36"]
[EventDate "2021.01.18"]
[EventType "team-tourn"]
[EventCountry "GER"]
[SourceTitle "playchess.com"]
[Source "ChessBase"]
[SourceQuality "1"]

1. d4 Nf6 2. c4 e6 3. Nc3 d5 4. Bg5 Be7 5. e3 Nbd7 6. Nf3 h6 7. Bh4 O-O 8. Bd3 c5 9. O-O b6 10. Qe2 Bb7 11. cxd5 Nxd5 12. Bxe7 Qxe7 13. Rac1 Rac8 14. Rfd1 Nxc3 15. Rxc3 cxd4 16. Rxc8 Rxc8 17. Nxd4 Nf6 18. Ba6 Bxa6 1/2-1/2

[Event "DSOL 2021"]
[Site "Germany"]
[Date "2021.03.16"]
[Round "6.4"]
[White "Brakemann, Werner"]
[Black "Nguyen, Phuc Nhat"]
[Result "1-0"]
[WhiteElo "1590"]
[BlackElo "1639"]
[Annotator "NA RC"]
[PlyCount "119"]
[EventDate "2021.01.18"]
[EventType "team-tourn"]
[EventCountry "GER"]
[SourceTitle "playchess.com"]
[Source "ChessBase"]
[SourceQuality "1"]

1. c4 f5 2. Nc3 Nf6 3. d3 e5 4. e4 fxe4 5. dxe4 Bc5 6. Nf3 d6 7. h3 h6 8. Be2 c6 9. O-O Be6 10. a3 O-O 11. b4 Bb6 12. Qd3 Bc7 13. Bb2 Nh5 14. Bc1 Nf4 15. Bxf4 Rxf4 16. Rad1 Nd7 17. Kh2 Qe7 18. g3 Rf6 19. Nd2 Raf8 20. Kg2 Qf7 21. f3 Qh5 22. h4 Qf7 23. Nd5 Bxd5 24. cxd5 c5 25. Rc1 Bb6 26. Nc4 Rc8 27. Nxb6 axb6 28. Qb5 Rc7 29. Qa4 Qe7 30. Bb5 Rf8 31. Bxd7 Qxd7 32. Qxd7 Rxd7 33. Rc2 Ra8 34. Rc3 Rdd8 35. f4 exf4 36. gxf4 Ra4 37. Rb1 Rda8 38. bxc5 bxc5 39. Rxb7 Rxe4 40. Rg3 Rxf4 41. Rgxg7+ Kf8 42. Rh7 Rg4+ 43. Kf3 Rg6 44. Rh8+ Rg8 45. Rxh6 Rxa3+ 46. Ke4 Ra4+ 47. Kf5 Rg7 48. Rh8+ Rg8 49. Rb8+ Kf7 50. Rbxg8 Rd4 51. Rf8+ Ke7 52. Re8+ Kd7 53. Rd8+ Kc7 54. Rc8+ Kd7 55. Ra8 Rxd5+ 56. Ke4 Rd4+ 57. Ke3 d5 58. Ra6 Re4+ 59. Kf3 c4 60. Rh7+ 1-0

[Event "DSOL 2021"]
[Site "Germany"]
[Date "2021.03.16"]
[Round "6.4"]
[White "Homann, Christoph"]
[Black "Gress, Patrick Daniel"]
[Result "0-1"]
[WhiteElo "1577"]
[BlackElo "1706"]
[Annotator "NA RC"]
[PlyCount "68"]
[EventDate "2021.01.18"]
[EventType "team-tourn"]
[EventCountry "GER"]
[SourceTitle "playchess.com"]
[Source "ChessBase"]
[SourceQuality "1"]

1. d4 Nf6 2. c4 g6 3. Nc3 d5 4. Bf4 Bg7 5. Nf3 O-O 6. Rc1 dxc4 7. e4 Bg4 8. Bxc4 Nh5 9. Be3 Bxf3 10. Qxf3 Bxd4 11. Bxd4 Qxd4 12. Nb5 Qxb2 13. O-O Na6 14. Rb1 Qf6 15. Qe3 Qf4 16. Qe2 Nc5 17. Nc3 e6 18. e5 Rad8 19. Rfd1 c6 20. g3 Qg5 21. f4 Nxf4 22. Qf3 Rxd1+ 23. Rxd1 Nd5 24. Bxd5 cxd5 25. Qf2 b6 26. Qe2 h5 27. Nb5 h4 28. Qe1 hxg3 29. hxg3 Ne4 30. Kg2 Rc8 31. Nd4 Rc3 32. Nf3 Rc2+ 33. Kh3 Qh5+ 34. Nh4 Ng5# 0-1

[Event "DSOL 2021"]
[Site "Germany"]
[Date "2021.03.18"]
[Round "6.4"]
[White "Guo, Jacob Tingshen"]
[Black "Baumann, Stephan"]
[Result "1/2-1/2"]
[WhiteElo "1549"]
[BlackElo "2018"]
[Annotator "TA"]
[PlyCount "224"]
[EventDate "2021.01.18"]
[EventType "team-tourn"]
[EventCountry "GER"]
[SourceTitle "playchess.com"]
[Source "ChessBase"]
[SourceQuality "1"]

1. d4 Nf6 2. c4 e5 3. dxe5 Ng4 4. Nf3 Bc5 5. e3 Nc6 6. Nc3 O-O 7. Bd3 Re8 8. O-O Ngxe5 9. Be2 Nxf3+ 10. Bxf3 Ne5 11. b3 a5 12. Bb2 Ra6 13. Ne4 Ba7 14. Bh5 Rh6 15. Ng3 d6 16. Qd5 c6 17. Qd2 Qh4 18. Qxa5 Bb8 19. f4 Ng4 20. Bxg4 Bxg4 21. Qg5 Qxg5 22. fxg5 Rg6 23. h4 Rxe3 24. Nf5 Re2 25. Rae1 Rge6 26. Rxe2 Rxe2 27. Bd4 Bxf5 28. Rxf5 Rxa2 29. Rf3 Rd2 30. Bc3 Rd1+ 31. Kf2 Kf8 32. Ke2 Rg1 33. Kf2 Ba7+ 34. Kg3 Rd1 35. Kf4 g6 36. g4 Rh1 37. Kg3 Rg1+ 38. Kf4 Rg2 39. h5 Rf2 40. Bb4 Ke7 41. Rxf2 Bxf2 42. h6 Ke6 43. Bd2 d5 44. Kf3 Bd4 45. Kf4 Bb2 46. Be3 Bc3 47. Bc1 b5 48. cxb5 cxb5 49. Be3 d4 50. Bc1 Kd5 51. Kf3 Bb4 52. Bf4 Bc5 53. Bd2 Be7 54. Bc1 Bc5 55. Bd2 b4 56. Bf4 Bd6 57. Bd2 Bf8 58. Bf4 Bc5 59. Bd2 Bd6 60. Bc1 Bc5 61. Bd2 Be7 62. Bf4 f6 63. gxf6 Bxf6 64. Bd2 d3 65. Bxb4 Bg5 66. Bc3 Bxh6 67. Bf6 Bc1 68. Bc3 Kc5 69. Kf2 Kb5 70. Kf3 Kc5 71. Kf2 Kc6 72. Bf6 Bd2 73. Kf3 Kd5 74. Bb2 h5 75. gxh5 gxh5 76. Bf6 Bc1 77. Bc3 Bg5 78. Bb2 h4 79. Bc3 h3 80. Kg3 Ke4 81. Kxh3 Kf3 82. b4 Bf6 83. Bd2 Ke2 84. Bc1 Bd4 85. b5 Kf3 86. Bd2 Bb6 87. Kh2 Bc7+ 88. Kg1 Ke2 89. Bc1 Kd1 90. Bg5 Ke1 91. Bc1 Ba5 92. Kg2 Ke2 93. Kg3 Bc7+ 94. Kg4 Kd1 95. Be3 Kc2 96. Kf5 Kc3 97. Ke4 Kc4 98. Bd2 Bb6 99. Bf4 Kc3 100. Bc1 Bf2 101. Kf3 Bg1 102. Ke4 Kc2 103. Bf4 Bh2 104. Be3 Bc7 105. Bg5 Kc3 106. Bc1 Kc4 107. Bd2 Bg3 108. b6 Bb8 109. b7 Kc5 110. Kxd3 Kc6 111. Bf4 Bxf4 112. b8=Q Bxb8 1/2-1/2

[Event "DSOL 2021"]
[Site "Germany"]
[Date "2021.03.19"]
[Round "6.4"]
[White "Plassonke, Torsten"]
[Black "Gallasch, Robin"]
[Result "0-1"]
[WhiteElo "1543"]
[BlackElo "2067"]
[Annotator "NA"]
[PlyCount "86"]
[EventDate "2021.01.18"]
[EventType "team-tourn"]
[EventCountry "GER"]
[SourceTitle "playchess.com"]
[Source "ChessBase"]
[SourceQuality "1"]
[WhiteTeam "SG Osnabrück"]
[BlackTeam "SG Porz I"]

1. e4 c6 2. Nf3 d5 3. exd5 cxd5 4. Ne5 Nf6 5. d4 g6 6. Bb5+ Nbd7 7. O-O Bg7 8. c3 O-O 9. f4 Ne4 10. Nd2 Ndf6 11. Bd3 Nd6 12. Qe2 Bf5 13. Bxf5 Nxf5 14. Kh1 h5 15. Re1 Bh6 16. Ndf3 Rc8 17. Ng5 Qd6 18. Bd2 a6 19. Rad1 b5 20. a3 Rb8 21. Qd3 Nd7 22. Nexf7 Rxf7 23. Re6 Qxe6 24. Nxe6 Nf6 25. Nc5 Ng4 26. Kg1 Nf6 27. Re1 Rb6 28. Qf3 e6 29. h3 h4 30. Bc1 a5 31. Re5 b4 32. Na4 bxa3 33. bxa3 Rb1 34. Re1 Nh5 35. Qd3 Rfb7 36. Nc5 R7b2 37. Bd2 Rxe1+ 38. Bxe1 Nxf4 39. Qf3 Rxg2+ 40. Kf1 Ng3+ 41. Bxg3 hxg3 42. Qg4 Rf2+ 43. Ke1 Ng2+ 0-1

[Event "DSOL 2021"]
[Site "Germany"]
[Date "2021.03.16"]
[Round "6.4"]
[White "Steinmueller, Alexander"]
[Black "Poess, Frank"]
[Result "0-1"]
[WhiteElo "1543"]
[BlackElo "1565"]
[Annotator "NA RC"]
[PlyCount "44"]
[EventDate "2021.01.18"]
[EventType "team-tourn"]
[EventCountry "GER"]
[SourceTitle "playchess.com"]
[Source "ChessBase"]
[SourceQuality "1"]

1. e4 e5 2. Nf3 Nf6 3. Nxe5 d6 4. Nf3 Nxe4 5. Nc3 Nxc3 6. dxc3 Be7 7. Bc4 O-O 8. Be3 Nd7 9. Qd2 Nf6 10. h3 d5 11. Bd3 c5 12. O-O-O Qa5 13. Kb1 c4 14. Be2 Be6 15. Nd4 Ne4 16. Qe1 Rfd8 17. f3 Nf6 18. g4 Rd6 19. f4 Ra6 20. f5 Qxa2+ 21. Kc1 Qa1+ 22. Kd2 Ne4# 0-1

[Event "DSOL 2021"]
[Site "Germany"]
[Date "2021.03.15"]
[Round "6.4"]
[White "Busley, Tim"]
[Black "Schoemer, Michael"]
[Result "1/2-1/2"]
[WhiteElo "1531"]
[BlackElo "1749"]
[Annotator "NA RC"]
[PlyCount "76"]
[EventDate "2021.01.18"]
[EventType "team-tourn"]
[EventCountry "GER"]
[SourceTitle "playchess.com"]
[Source "ChessBase"]
[SourceQuality "1"]

1. d4 f5 2. g3 Nf6 3. Bg2 g6 4. c4 Bg7 5. Bg5 O-O 6. Nf3 d6 7. O-O c6 8. Nc3 Qc7 9. Qb3 Nbd7 10. Rfe1 e5 11. c5+ d5 12. Nxe5 Nxe5 13. dxe5 Qxe5 14. Bf4 Qe6 15. Rad1 Kh8 16. Be3 Ne4 17. Bd4 Bxd4 18. Nxe4 fxe4 19. Rxd4 Qf6 20. Qe3 Bf5 21. b4 Rf7 22. f3 exf3 23. exf3 Raf8 24. Rd2 a6 25. Qe5 g5 26. Qxf6+ Rxf6 27. Re7 R6f7 28. Rde2 Kg7 29. R2e5 Kf6 30. Rxf7+ Rxf7 31. Re8 Be6 32. Kf2 d4 33. a3 Rd7 34. Rxe6+ Kxe6 35. Bh3+ Ke7 36. Bxd7 Kxd7 37. Ke2 Ke6 38. Kd3 Ke5 1/2-1/2

[Event "DSOL 2021"]
[Site "Germany"]
[Date "2021.03.16"]
[Round "6.4"]
[White "Thalheim, Jona"]
[Black "Krueger, Arthur"]
[Result "1-0"]
[WhiteElo "1496"]
[BlackElo "1643"]
[Annotator "NA RC"]
[PlyCount "99"]
[EventDate "2021.01.18"]
[EventType "team-tourn"]
[EventCountry "GER"]
[SourceTitle "playchess.com"]
[Source "ChessBase"]
[SourceQuality "1"]

1. e4 e6 2. Qe2 c5 3. g3 Nc6 4. Nf3 Be7 5. Bg2 Nf6 6. c3 d5 7. e5 Nd7 8. d4 cxd4 9. cxd4 Qb6 10. Be3 Qa5+ 11. Bd2 Qb6 12. Bc3 O-O 13. O-O a5 14. a3 Qc7 15. Nbd2 b6 16. Rfc1 Ba6 17. Qd1 Qb7 18. Bf1 Rfc8 19. Bxa6 Qxa6 20. Qf1 b5 21. b4 axb4 22. axb4 Qb6 23. Rab1 Ra4 24. Kg2 Nxb4 25. Bxb4 Rxc1 26. Qxc1 Rxb4 27. Qa3 Rxb1 28. Qxe7 Rb2 29. Ng5 Qb8 30. Qxf7+ Kh8 31. Qxd7 Rxd2 32. Nf7+ Kg8 33. Nd8 h6 34. Nxe6 Qf8 35. Nxf8 Kxf8 36. Qxb5 Kg8 37. Qxd5+ Kh8 38. e6 Re2 39. Qd8+ Kh7 40. e7 h5 41. e8=Q Rxe8 42. Qxe8 Kh6 43. d5 g5 44. Qe6+ Kg7 45. d6 h4 46. d7 g4 47. d8=R h3+ 48. Kg1 Kh7 49. Rd7+ Kh8 50. Qe8# 1-0

[Event "DSOL 2021"]
[Site "Germany"]
[Date "2021.03.19"]
[Round "6.4"]
[White "Fischer, Juliane"]
[Black "Knoth, Eugen"]
[Result "1/2-1/2"]
[WhiteElo "1495"]
[BlackElo "1912"]
[Annotator "NA"]
[PlyCount "30"]
[EventDate "2021.01.18"]
[EventType "team-tourn"]
[EventCountry "GER"]
[SourceTitle "playchess.com"]
[Source "ChessBase"]
[SourceQuality "1"]
[WhiteTeam "SK Gernsheim"]
[BlackTeam "SK Vellmar"]

1. e4 e6 2. d4 d5 3. Bd3 dxe4 4. Bxe4 Nf6 5. Bf3 c5 6. Ne2 cxd4 7. Qxd4 Qxd4 8. Nxd4 a6 9. Nc3 Be7 10. O-O O-O 11. Be3 Nbd7 12. Ne4 Ne5 13. Nxf6+ Bxf6 14. Be2 Bd7 15. Rad1 Rad8 1/2-1/2

[Event "DSOL 2021"]
[Site "Germany"]
[Date "2021.03.17"]
[Round "6.4"]
[White "Tsakonas, Konstantinos"]
[Black "Danisch, Garvin"]
[Result "1/2-1/2"]
[WhiteElo "1417"]
[BlackElo "1620"]
[Annotator "NA"]
[PlyCount "84"]
[EventDate "2021.01.18"]
[EventType "team-tourn"]
[EventCountry "GER"]
[SourceTitle "playchess.com"]
[Source "ChessBase"]
[SourceQuality "1"]

1. c4 Nf6 2. Nc3 g6 3. b3 Bg7 4. Bb2 e6 5. g3 O-O 6. Bg2 Nc6 7. Nf3 Rb8 8. O-O d5 9. d4 Ne7 10. Ne5 Nd7 11. f4 Nf5 12. Qd3 c6 13. Rfd1 Nxe5 14. fxe5 f6 15. e4 Ne7 16. exf6 Rxf6 17. e5 Rf7 18. Ne2 Nf5 19. Nf4 b5 20. c5 a5 21. a3 Ra8 22. b4 Qe8 23. Bc3 axb4 24. axb4 Ra4 25. Rxa4 bxa4 26. Ra1 Ra7 27. Qc2 Ne3 28. Qf2 Nc4 29. Bh3 a3 30. Nd3 Bh6 31. Nf4 g5 32. Ng2 Qh5 33. Qf6 Rf7 34. Bxe6 Bxe6 35. Qxe6 Qe2 36. Nf4 gxf4 37. Qxh6 fxg3 38. Qg5+ Kh8 39. Qd8+ Kg7 40. Qg5+ Kh8 41. Qd8+ Kg7 42. Qg5+ Kh8 1/2-1/2

[Event "DSOL 2021"]
[Site "Germany"]
[Date "2021.03.16"]
[Round "6.4"]
[White "Rodriguez Klasen, Ennio"]
[Black "Viciski, Mike"]
[Result "1/2-1/2"]
[WhiteElo "1341"]
[BlackElo "1531"]
[Annotator "NA RC"]
[PlyCount "50"]
[EventDate "2021.01.18"]
[EventType "team-tourn"]
[EventCountry "GER"]
[SourceTitle "playchess.com"]
[Source "ChessBase"]
[SourceQuality "1"]

1. e4 e5 2. Nf3 Nc6 3. Bb5 d6 4. h3 h6 5. d3 a6 6. Ba4 b5 7. Bb3 Na5 8. Nc3 Nf6 9. Bd2 Nxb3 10. axb3 Bb7 11. O-O Be7 12. Re1 O-O 13. Ne2 d5 14. Ng3 dxe4 15. dxe4 Re8 16. Qe2 Bd6 17. Rad1 Qd7 18. Bc3 Qc6 19. b4 Rad8 20. Rd3 Nd7 21. Red1 Rc8 22. R1d2 Nf6 23. Re3 a5 24. b3 axb4 25. Bb2 Ra8 1/2-1/2

[Event "DSOL 2021"]
[Site "Germany"]
[Date "2021.03.16"]
[Round "6.4"]
[White "Schrader, Bernd"]
[Black "Dennis_Schm"]
[Result "1/2-1/2"]
[WhiteElo "1310"]
[BlackElo "1767"]
[Annotator "NA RC"]
[PlyCount "135"]
[EventDate "2021.01.18"]
[EventType "team-tourn"]
[EventCountry "GER"]
[SourceTitle "playchess.com"]
[Source "ChessBase"]
[SourceQuality "1"]

1. Nf3 e6 2. c4 d5 3. b3 Nf6 4. Bb2 c5 5. e3 Nc6 6. d4 Ne4 7. Nbd2 Nxd2 8. Nxd2 cxd4 9. exd4 dxc4 10. Nxc4 Bb4+ 11. Ke2 Qh4 12. Qd3 O-O 13. g3 Qh5+ 14. f3 Rd8 15. g4 Qd5 16. Rd1 b6 17. Kf2 Ba6 18. Qe3 Bxc4 19. Bxc4 Qd7 20. h4 e5 21. Kg2 exd4 22. Qf4 Bc5 23. h5 Bd6 24. Qg5 Be5 25. h6 Bf6 26. Qf4 Qd6 27. Qxd6 Rxd6 28. hxg7 Bxg7 29. Bd3 h6 30. Rh5 Nb4 31. Ba3 Nxd3 32. Rxd3 Rd7 33. Bc1 Rc8 34. Bxh6 Bxh6 35. Rxh6 Rc2+ 36. Kg3 Rxa2 37. Rh2 Rxh2 38. Kxh2 Kg7 39. Kg3 Kg6 40. Kf4 a5 41. Ke4 b5 42. f4 Re7+ 43. Kxd4 f5 44. Kc5 fxg4 45. Kxb5 Kf5 46. Kxa5 Kxf4 47. Rd4+ Kf3 48. Rd3+ Ke4 49. Rd1 Kf3 50. b4 g3 51. b5 Kf2 52. Rd4 Rg7 53. b6 g2 54. Rd2+ Ke3 55. Rxg2 Rxg2 56. Ka6 Ra2+ 57. Kb5 Kd4 58. Kc6 Rc2+ 59. Kd6 Rb2 60. Kc6 Ke5 61. b7 Ke6 62. Kc7 Rc2+ 63. Kd8 Rb2 64. Kc7 Rc2+ 65. Kd8 Rd2+ 66. Kc7 Rd7+ 67. Kc8 Rxb7 68. Kxb7 1/2-1/2

[Event "DSOL 2021"]
[Site "Germany"]
[Date "2021.03.23"]
[Round "7.1"]
[White "Donchenko, Alexander"]
[Black "Wielebinski, Paul Martin"]
[Result "0-1"]
[WhiteElo "2659"]
[BlackElo "2067"]
[Annotator "TA"]
[PlyCount "118"]
[EventDate "2021.01.18"]
[EventType "team-tourn"]
[EventCountry "GER"]
[SourceTitle "playchess.com"]
[Source "ChessBase"]
[SourceQuality "1"]

1. e4 c5 2. Nf3 Nc6 3. Bb5 Na5 4. O-O a6 5. Be2 e6 6. c4 Nc6 7. d4 cxd4 8. Nxd4 Bc5 9. Nb3 Bb6 10. Bf4 e5 11. Bd2 d6 12. Nc3 Nge7 13. Qc1 O-O 14. Be3 Nd4 15. Qd2 Nxe2+ 16. Qxe2 Bxe3 17. Qxe3 Be6 18. Nd5 Rc8 19. Rac1 f5 20. Rfd1 fxe4 21. Nxe7+ Qxe7 22. Nd2 d5 23. cxd5 Rxc1 24. Rxc1 Bxd5 25. a3 Qf7 26. Rc5 h6 27. h3 Rd8 28. Nf1 Bc6 29. Qc1 Qf4 30. Ne3 Rd3 31. b4 Kh7 32. Qb2 Rd4 33. Qa2 Qf6 34. Qe2 Rd3 35. Qb2 Rd4 36. Qc2 Qd6 37. Kh2 Rd2 38. Qc3 Rxf2 39. Ng4 e3 40. Nxe3 Qd4 41. Rc4 Qxe3 42. Qxe3 Rxg2+ 43. Kh1 Rg3+ 44. Rxc6 Rxe3 45. Rb6 Rxh3+ 46. Kg2 Rxa3 47. Rxb7 a5 48. bxa5 Rxa5 49. Re7 Kg6 50. Kf3 Kf6 51. Rb7 h5 52. Ke4 Ra4+ 53. Kf3 g5 54. Rb8 g4+ 55. Kg3 Ra3+ 56. Kf2 h4 57. Rh8 h3 58. Rh5 g3+ 59. Ke2 g2 0-1

[Event "DSOL 2021"]
[Site "Germany"]
[Date "2021.03.26"]
[Round "7.1"]
[White "Babula, Vlastimil"]
[Black "Nguyen, Alex Dac-Vuong"]
[Result "1/2-1/2"]
[WhiteElo "2559"]
[BlackElo "2307"]
[Annotator "TA"]
[PlyCount "97"]
[EventDate "2021.01.18"]
[EventType "team-tourn"]
[EventCountry "GER"]
[SourceTitle "playchess.com"]
[Source "ChessBase"]
[SourceQuality "1"]
[WhiteTeam "SV Werder Bremen I"]
[BlackTeam "SG Leipzig"]

1. d4 Nf6 2. c4 e6 3. Nc3 Bb4 4. e3 O-O 5. Bd3 c5 6. Nf3 d5 7. cxd5 exd5 8. dxc5 Nbd7 9. Bd2 Nxc5 10. Be2 Ne6 11. a3 Bd6 12. Nb5 Bb8 13. Bc3 Ne4 14. Rc1 a6 15. Nbd4 Nxc3 16. Rxc3 Ba7 17. O-O Qf6 18. b4 Re8 19. Qd2 Bd7 20. Rd1 Rad8 21. Qc2 Nxd4 22. Nxd4 Bb8 23. Bf3 Qe5 24. g3 h5 25. Rc5 Bg4 26. Bxg4 hxg4 27. Qf5 Qe4 28. Qxe4 dxe4 29. Rg5 g6 30. Rxg4 Rd5 31. Rc1 Kg7 32. h4 Kh6 33. Kg2 Bd6 34. Ne2 Rd3 35. Nf4 Rxa3 36. Nd5 f5 37. Rg5 Rb3 38. Rc4 Rb2 39. g4 Rd2 40. Nc3 Be7 41. gxf5 Bxg5 42. hxg5+ Kxg5 43. Nxe4+ Rxe4 44. Rxe4 gxf5 45. Re7 b5 46. Re6 f4 47. Kf3 fxe3 48. Kxe3 Rb2 49. Rxa6 1/2-1/2

[Event "DSOL 2021"]
[Site "Germany"]
[Date "2021.03.22"]
[Round "7.1"]
[White "Perske, Thore"]
[Black "Ewert, Hannes"]
[Result "1-0"]
[WhiteElo "2445"]
[BlackElo "2266"]
[Annotator "TA"]
[PlyCount "81"]
[EventDate "2021.01.18"]
[EventType "team-tourn"]
[EventCountry "GER"]
[SourceTitle "playchess.com"]
[Source "ChessBase"]
[SourceQuality "1"]

1. e4 e5 2. Nf3 Nc6 3. Bb5 a6 4. Ba4 Nf6 5. O-O Be7 6. d3 d6 7. a3 O-O 8. Nc3 Bg4 9. h3 Bxf3 10. Qxf3 Nd4 11. Qd1 b5 12. Bb3 Nxb3 13. cxb3 c5 14. b4 Rc8 15. Qf3 h6 16. Be3 Qd7 17. Qg3 Qe6 18. Rac1 Rfd8 19. Rfe1 Kf8 20. Qf3 cxb4 21. axb4 Qb3 22. Bb6 Re8 23. Qe2 Qxb4 24. Ra1 Rc6 25. Rxa6 Qb3 26. Ra3 Qe6 27. Ba5 d5 28. Raa1 dxe4 29. Nxe4 Nd5 30. Nc3 Bc5 31. Qf3 Nf4 32. Rad1 Qd7 33. d4 Bxd4 34. Rxe5 Ne6 35. Rd5 Qa7 36. Bb4+ Bc5 37. Rxc5 Rxc5 38. Nxb5 Qb6 39. Nd6 Rc7 40. Nxe8+ Kxe8 41. Qa8+ 1-0

[Event "DSOL 2021"]
[Site "Germany"]
[Date "2021.03.24"]
[Round "7.1"]
[White "Agopov, Mikael"]
[Black "Cordts, Ingo"]
[Result "1/2-1/2"]
[WhiteElo "2427"]
[BlackElo "2214"]
[Annotator "TA"]
[PlyCount "42"]
[EventDate "2021.01.18"]
[EventType "team-tourn"]
[EventCountry "GER"]
[SourceTitle "playchess.com"]
[Source "ChessBase"]
[SourceQuality "1"]

1. e4 e5 2. Nf3 Nc6 3. Bb5 a6 4. Ba4 Nf6 5. d3 d6 6. c3 g6 7. O-O Bg7 8. Re1 O-O 9. Bg5 h6 10. Bh4 Qe8 11. Na3 Nh5 12. d4 b5 13. Bb3 Na5 14. Bc2 c5 15. dxc5 dxc5 16. Qd6 Nb7 17. Qb6 g5 18. Bg3 Nxg3 19. hxg3 Qe6 20. Qxe6 Bxe6 21. b3 Rfd8 1/2-1/2

[Event "DSOL 2021"]
[Site "Germany"]
[Date "2021.03.23"]
[Round "7.1"]
[White "Haub, Thorsten Michael"]
[Black "Perestjuk, Marko"]
[Result "1-0"]
[WhiteElo "2426"]
[BlackElo "2160"]
[Annotator "TA"]
[PlyCount "129"]
[EventDate "2021.01.18"]
[EventType "team-tourn"]
[EventCountry "GER"]
[SourceTitle "playchess.com"]
[Source "ChessBase"]
[SourceQuality "1"]

1. Nf3 d5 2. g3 g6 3. d3 Bg7 4. Nbd2 e5 5. Bg2 Ne7 6. O-O O-O 7. e4 Nbc6 8. c3 h6 9. b4 a6 10. Bb2 Re8 11. Re1 Be6 12. a3 Qd7 13. Qc2 Rac8 14. exd5 Nxd5 15. Rad1 Nb6 16. Ne4 Bg4 17. Nc5 Qf5 18. Qe2 Rb8 19. Rb1 Nd7 20. Ne4 Nf6 21. Nxf6+ Bxf6 22. Qe3 Rbd8 23. Rbd1 e4 24. dxe4 Rxd1 25. Rxd1 Rxe4 26. Qd3 Re7 27. Qxf5 Bxf5 28. Re1 Rd7 29. h3 Rd3 30. g4 Be6 31. Nd4 Nxd4 32. cxd4 Bh4 33. d5 Bd7 34. Re2 Bb5 35. Rc2 Bg5 36. Be5 Bd8 37. Bxc7 Ba4 38. Rc1 Bg5 39. f4 Bf6 40. Be5 Bxe5 41. fxe5 Rxa3 42. Rc8+ Kg7 43. Rc7 Kf8 44. d6 Re3 45. Re7 Bc6 46. Kf2 Rb3 47. Bxc6 bxc6 48. Rc7 Ke8 49. Rxc6 Rxb4 50. Ke3 Rb3+ 51. Kd4 Rxh3 52. Rxa6 Rg3 53. Kd5 Rxg4 54. Ra8+ Kd7 55. Rf8 Rf4 56. Rxf7+ Rxf7 57. e6+ Ke8 58. exf7+ Kxf7 59. Kc6 h5 60. d7 Ke7 61. Kc7 Kf6 62. d8=Q+ Kf5 63. Qh4 Ke6 64. Qg5 Kf7 65. Kd7 1-0

[Event "DSOL 2021"]
[Site "Germany"]
[Date "2021.03.23"]
[Round "7.1"]
[White "Sawlin, Leonid"]
[Black "Zwanzger, Johannes"]
[Result "1-0"]
[WhiteElo "2385"]
[BlackElo "2263"]
[Annotator "TA"]
[PlyCount "89"]
[EventDate "2021.01.18"]
[EventType "team-tourn"]
[EventCountry "GER"]
[SourceTitle "playchess.com"]
[Source "ChessBase"]
[SourceQuality "1"]

1. e4 c5 2. Nf3 e6 3. Nc3 Nc6 4. g3 a6 5. Bg2 b5 6. d4 cxd4 7. Nxd4 Bb7 8. O-O Bc5 9. Nb3 Be7 10. a4 b4 11. Nd5 exd5 12. exd5 Na5 13. Nd4 d6 14. Nf5 g6 15. Nxe7 Nxe7 16. Qd4 O-O 17. b3 Rc8 18. Bb2 f6 19. Rac1 Rc5 20. Qxb4 Bxd5 21. Bxd5+ Rxd5 22. Rfd1 Kg7 23. Rxd5 Nxd5 24. Qd4 Ne7 25. Rd1 Nb7 26. g4 h6 27. h4 Qa5 28. Qe4 Qc7 29. g5 Ng8 30. Re1 Nd8 31. Re3 Kh7 32. h5 Qf7 33. gxh6 Nxh6 34. Kf1 f5 35. Qf4 gxh5 36. Qxd6 Re8 37. Rxe8 Qxe8 38. Qxa6 Qe4 39. Qf6 Ne6 40. Qe5 Qxc2 41. Qh8+ Kg6 42. Qf6+ Kh7 43. Qe7+ Kg6 44. Qxe6+ Kh7 45. Qe7+ 1-0

[Event "DSOL 2021"]
[Site "Germany"]
[Date "2021.03.23"]
[Round "7.1"]
[White "Figura, Atila Gajo"]
[Black "Kraemer, Stefan"]
[Result "1-0"]
[WhiteElo "2376"]
[BlackElo "2149"]
[Annotator "TA"]
[PlyCount "63"]
[EventDate "2021.01.18"]
[EventType "team-tourn"]
[EventCountry "GER"]
[SourceTitle "playchess.com"]
[Source "ChessBase"]
[SourceQuality "1"]

1. d4 Nf6 2. c4 g6 3. Nc3 d5 4. cxd5 Nxd5 5. e4 Nxc3 6. bxc3 Bg7 7. Qa4+ Nd7 8. Nf3 O-O 9. Bg5 c5 10. Rd1 cxd4 11. cxd4 h6 12. Be3 Nb6 13. Qa3 Qd6 14. Qxd6 exd6 15. Bd3 f5 16. O-O g5 17. e5 Rd8 18. exd6 Rxd6 19. Rfe1 Be6 20. h4 g4 21. Bf4 Rdd8 22. Rxe6 gxf3 23. Bxf5 Rf8 24. g4 h5 25. Rg6 hxg4 26. Be5 Rxf5 27. Rxg7+ Kf8 28. Rxb7 Nc4 29. Kh2 Rd8 30. Rc1 Nxe5 31. dxe5 Rxe5 32. Rxa7 1-0